000 02660nam a22003377a 4500
001 PPSZ 0161
003 gtcocun
005 20251022165309.0
006 a||||gr|||| 00| 0
007 ta
008 251022b2021 gt ||||| m||| 00| 0 eng d
040 _agtcocun
_bSPA
_cgtcocun
_eRDA
041 _aSPA PPSZ 0161
084 _0PPSZ 0161
100 _aContreras Pacay, Paola Denisse
_eAutor
245 _aINFORME FINAL DE PRÁCTICA PROFESIONAL SUPERVISADA, REALIZADA EN GRANJA CHISAC, S.A., UBICADA EN TACTIC, ALTA VERAPAZ/
_cPaola Denisse Contreras Pacay.
_hImpreso
264 _aCobán, Alta Verapaz:
_bUniversidad de San Carlos de Guatemala, Centro Universitario del Norte, Carrera de Técnico en Producción Pecuaria
_c2021
300 _a63 p.:
_bIlustraciones, gráficas.
_c28 cm;
300 _cPDF
336 _2rdacontenido
_aTexto
_btxt
337 _2rdamedio
_aComputadora
_bn
338 _2rdasoporte
_aCódigo en línea
_bcr
502 _ePPSZ 0161
502 _aPráctica Profesional Supervisada
_bCarrera de Técnico en Producción Pecuaria,
_cUniversidad de San Carlos de Guatemala, Centro Universitario del Norte, Carrera de Técnico en Producción Pecuaria
_d2021
_oPPSZ 0161
520 1 4 _aLa Práctica Profesional Supervisada (PPS), consistió en desarrollar actividades que beneficiaran a la granja para mejorar el funcionamiento general de la unidad productiva Granja Chisac S.A., ubicada en la aldea Tampó del municipio de Tactic del departamento de Alta Verapaz. El desarrollo de la actividad lavado de bandas recolectoras de huevo, contribuyó a mejorar la calidad del producto final; se realizó la limpieza de galeras previniendo enfermedades. Se contribuyó con la elaboración de subproductos con la toma de temperatura del abono orgánico, facilitándole aireación que permitió disminuir la temperatura y alcanzar un producto a menor costo. La investigación realizada se titula “Evaluación de dos productos comerciales a base de microorganismos eficientes en el tratamiento de gallinaza recolectada de Granja Chisac S. A., para determinar el tiempo y calidad del abono producido”, en donde se pudo evidenciar que los tratamientos a evaluar no presentaron diferencia significativa.
650 1 4 _2LEMB
_aTactic, Alta Verapaz
_xZootecnia
_xAbono orgánico
_xMicroorganismos eficientes
_xSubproductos
_xCalidad del producto
_xGranja avícola
700 _aLic. Juan Ruano Granados
_eAsesor
856 _uhttps://drive.google.com/file/d/1-UtxCbNIA2YjAcVnoau7wt8lvTssf9RY/view
_yPDF
_zUn ejemplar en línea.
942 _2ddc
_cTES
_iPPSZ 0161
_kClasificación
_n0
_6PPSZ_0161_000000000000000
999 _c2390
_d2390